Educación básica laboral : proceso a un proceso.

Tallennettuna:
Bibliografiset tiedot
Päätekijä: Ballon Echegaray, Eduardo [et al.], (autor)
Aineistotyyppi: Kirja
Kieli:espanja
Sarja:(Praxis ; no. 9)
Aiheet:
Tagit: Lisää tagi
Ei tageja, Lisää ensimmäinen tagi!

MARC

LEADER 00000cam^a2200000uu^4500
001 000489223
005 20250521000000.0
008 032110s1978^^^^^^^^^^^^rd^r^^000^0^spa^d
009 20260310125325.372
035 |a FCE 000032410 
035 |a FCE 021055 
037 |a Acervo ITESO - Biblioteca 
041 |a spa 
082 0 4 |a 372.374  |b BALe 
100 |a Ballon Echegaray, Eduardo,  |e [et al.]  |e (autor) 
245 1 0 |a Educación básica laboral :  |b proceso a un proceso. 
264 |a Perú :  |b DESCO,  |c 1978. 
300 |a 142 p. 
336 |a texto  |b txt  |2 rdacontenido 
337 |a sin mediación  |b n  |2 rdamedio 
338 |a volumen  |b nc  |2 rdasoporte 
440 0 |a (Praxis ;  |v no. 9) 
649 |a XX 
650 |a Financiamiento educativo 
650 |a Legislación de la educación 
650 |a Educación de adultos 
650 |a Educación básica 
650 |a Economía 
650 |a Educación para el trabajo 
650 |a Educación en el trabajo 
650 |a Perú 
910 |a Fondo Centro de Estudios Educativos 
920 |a Impresos - Libros 
930 |a Fondos Especiales 
905 |a 133 
901 |a ALE021055  |b IT2  |c CEE  |u 20250521 
902 |a https://opac.biblio.iteso.mx/vufind/Record/000489223